Normal view
MARC view
Entry Personal Name
001 - CONTROL NUMBER
- control field: 308026
003 - CONTROL NUMBER IDENTIFIER
- control field: DLC
005 - DATE AND TIME OF LATEST TRANSACTION
- control field: 20241202123605.0
008 - FIXED-LENGTH DATA ELEMENTS
- fixed length control field: 190711n| azannabbn |n aaa c
010 ## - LIBRARY OF CONGRESS CONTROL NUMBER
- LC control number: no2019101223
035 ## - SYSTEM CONTROL NUMBER
- System control number: (OCoLC)oca12251994
040 ## - CATALOGING SOURCE
- Original cataloging agency: ICrlF
- Language of cataloging: eng
- Description conventions: rda
- Transcribing agency: ICrlF
100 1# - HEADING--PERSONAL NAME
- Personal name: Singh, Ram Lakhan
372 ## - FIELD OF ACTIVITY
- Field of activity: Editing
- Field of activity: Teaching
- Field of activity: Public speaking
- Source of term: lcsh
374 ## - OCCUPATION
- Occupation: Book editors
- Occupation: University and college faculty members
- Source of term: lcdgt
374 ## - OCCUPATION
- Occupation: Lecturers
- Source of term: lcsh
375 ## - GENDER
- Gender: Males
- Source of term: lcdgt
377 ## - ASSOCIATED LANGUAGE
- Language code: eng
670 ## - SOURCE DATA FOUND
- Source citation: Biotechnology for sustainable agriculture, 2018:
- Information found: title page (edited by Ram Lakhan Singh, Sukanta Mondal)
670 ## - SOURCE DATA FOUND
- Source citation: Amazon, July 10, 2019
- Information found: (Professor Ram Lakhan Singh is Dean and professor at a University in India. He edits books and contributes to various books published by international publishers. He delivered a number of expert talks and lectures related to biotechnology)
670 ## - SOURCE DATA FOUND
- Source citation: National Library of France via VIAF, July 11, 2019
- Information found: (est.hdg.: Singh, Ram Lakhan)